000
00321nam a2200145Ia 4500
003
OSt
005
20231211051229.0
008
170523s9999 xx 000 0 und d
020
_a
0-13-876475-1
040
_c
iimt
100
_a
HALABOUR LAWOVAN
245
0
_a
SUPERVISION
260
_b
TATA MC GRAW HILL
942
_2
ddc
_c
02
999
_c
1665
_d
1665